La Unión hace el poder: Procesos de participación y empoderamiento
Plantea la necesidad de revisar el tema del poder y su injerencia en las iniciativas de desarrollo. De manera novedosa, contiene una cuidadosa selección de técnicas para analizar el poder y que permiten acercarnos a construir nuevas formas de participación más equitativas y democráticas
Na minha lista:
| Autor principal: | |
|---|---|
| Formato: | Texto |
| Publicado em: |
San José:
Fundación Arias para la Paz y el Progreso Humano. Unión Mundial para la Naturaleza
|
| Assuntos: | |
| Tags: |
Adicionar Tag
Sem tags, seja o primeiro a adicionar uma tag!
|
MARC
| LEADER | 00000 a a2200000 04500 | ||
|---|---|---|---|
| 001 | 30860 | ||
| 003 | |||
| 040 | |a CRAI/IIS |c CRAI/IIS | ||
| 020 | |a 9968-786-12-8 | ||
| 090 | |a 196900 | ||
| 100 | |a Zaldaña, Claudia Patricia | ||
| 245 | |a La Unión hace el poder: Procesos de participación y empoderamiento | ||
| 260 | |a San José: |b Fundación Arias para la Paz y el Progreso Humano. Unión Mundial para la Naturaleza | ||
| 300 | |a 102 p. |b il. | ||
| 520 | |a Plantea la necesidad de revisar el tema del poder y su injerencia en las iniciativas de desarrollo. De manera novedosa, contiene una cuidadosa selección de técnicas para analizar el poder y que permiten acercarnos a construir nuevas formas de participación más equitativas y democráticas | ||
| 650 | |a GENERO | ||
| 650 | |a IGUALDAD DE GENERO | ||
| 650 | |a ANALISIS DE GENERO | ||
| 650 | |a DESARROLLO RURAL | ||
| 650 | |a PROYECTOS DE DESARROLLO | ||
| 650 | |a EQUIDAD SOCIAL | ||
| 650 | |a PARTICIPACION COMUNITARIA | ||
| 650 | |a PARTICIPACION DE LA MUJER | ||
| 650 | |a METODOLOGIA | ||
| 999 | |c 6851 |d 6851 | ||



